| Record ID | ia:influenceresista00gkim |
| Source | Internet Archive |
| Download MARC XML | https://archive.org/download/influenceresista00gkim/influenceresista00gkim_marc.xml |
| Download MARC binary | https://www.archive.org/download/influenceresista00gkim/influenceresista00gkim_meta.mrc |
LEADER: 03388cam 2200673 a 4500
001 ocm28254962
003 OCoLC
005 20150827004654.0
008 930524s1993 nyu b 001 0 eng
010 $a 93025254
040 $aDLC$beng$cDLC$dNLGGC$dBTCTA$dYDXCP$dBAKER$dOCLCG$dOCLCA$dBDX$dGBVCP$dOCLCO$dOCLCF$dAUW$dOCLCQ$dOCLCO
020 $a0312102119
020 $a9780312102111
035 $a(OCoLC)28254962
043 $ae-uk---
050 00 $aPR581$b.I54 1993
082 00 $a821/.809$220
084 $a18.05$2bcl
084 $a7,25$2ssgn
245 00 $aInfluence and resistance in nineteenth-century English poetry /$cedited by G. Kim Blank and Margot K. Louis.
260 $aNew York :$bSt. Martin's Press,$c1993.
300 $aix, 306 pages ;$c23 cm
336 $atext$btxt$2rdacontent
337 $aunmediated$bn$2rdamedia
338 $avolume$bnc$2rdacarrier
504 $aIncludes bibliographical references (pages 283-300) and index.
520 1 $a"To what extent (if at all) is the distinction between 'Romantic' and 'Victorian' valuable or just? Is the Romantic/Victorian demarcation merely a convenience for the sake of the curriculum? How is the quarrel among different strains of Romanticism continued and developed in the Victorian period? How do Victorian texts interact with, echo, or resist Romantic texts? In what ways did the Romantic poets establish the terms within which, or against which. Victorian poets were debating? This volume of original essays addresses these questions; it also demonstrates how well the Romantics thought, and with what ferocious diligence the Victorians explored, resisted, and reworked the Romantic vision."--Jacket.
650 0 $aEnglish poetry$y19th century$xHistory and criticism.
650 0 $aInfluence (Literary, artistic, etc.)$xHistory$y19th century.
650 0 $aRomanticism$zGreat Britain.
650 7 $aEnglish poetry.$2fast$0(OCoLC)fst00912278
650 7 $aInfluence (Literary, artistic, etc.)$2fast$0(OCoLC)fst00972484
650 7 $aRomanticism.$2fast$0(OCoLC)fst01100133
651 7 $aGreat Britain.$2fast$0(OCoLC)fst01204623
650 17 $aGedichten.$2gtt
650 17 $aEngels.$2gtt
650 17 $aBei nvloeding.$2gtt
648 7 $a1800 - 1899$2fast
655 7 $aCriticism, interpretation, etc.$2fast$0(OCoLC)fst01411635
655 7 $aHistory.$2fast$0(OCoLC)fst01411628
700 1 $aBlank, G. Kim,$d1952-
700 1 $aLouis, Margot Kathleen,$d1954-2007.
856 41 $3Table of contents$uhttp://www.gbv.de/dms/bowker/toc/9780312102111.pdf
938 $aBaker & Taylor$bBKTY$c49.95$d49.95$i0312102119$n0002332680$sactive
938 $aBrodart$bBROD$n46313729$c$45.00
938 $aBaker and Taylor$bBTCP$n93025254
938 $aYBP Library Services$bYANK$n185953
952 $a28254962$zDLC$hFull$iLCC$kDDC$nSummary$u20150308
952 $a134603018$zRBN$bBROWN UNIV$hFull$iLCC$kDDC$u20100724
952 $a485525811$zN15$bNEW YORK UNIV, GROUP BATCHLOAD$hFull$iLCC$kDDC$u20100722
952 $a136889724$zUBY$bBRIGHAM YOUNG UNIV LIBR$hFull$iLCC$kDDC$u20100628
952 $a189248078$zPAU$bUNIV OF PENNSYLVANIA$hFull$iLCC$kDDC$u20100729
029 1 $aAU@$b000010140649
029 1 $aGBVCP$b126806004
029 1 $aLQU$b35596
029 1 $aNZ1$b4454705
029 1 $aYDXCP$b185953
994 $aZ0$bPMR
948 $hNO HOLDINGS IN PMR - 164 OTHER HOLDINGS